Tunis - Choix multiples - Statistiques

Statistiques générales
  • Ce quiz a été pris 2 308 fois
    2 242 depuis la dernière actualisation
  • Le résultat moyen est 6 sur 10
Statistiques - réponses
Question Réponse % Correct
Quelle ville rivale de Rome se trouvait près de l'actuelle Tunis? Carthage
92%
Quelle série de manifestations pro-démocratiques à travers le monde arabe a commencé à Tunis en 2010? Printemps arabe
89%
Comment s'appelle le club de football le plus titré de Tunisie, aussi quatre fois champion continental ? Espérance sportive de Tunis
64%
Lequel de ces bâtiments est l'Hôtel Africa, le plus haut bâtiment de Tunis?
62%
Quelle célèbre militante féministe est née à Tunis en 1927 ? Gisèle Halimi
59%
Lors de quel conflit la ville aurait-elle été complètement détruite puis reconstruite ? Les guerres puniques
56%
Comment s'appelle la principale avenue de la ville nouvelle de Tunis, nommée d'après le premier Président de la Tunisie indépendante ? Avenue Habib Bourguiba
53%
Qu'est-ce que La Goulette est à Tunis ? Ce que Le Pirée est à Athènes.
53%
Comment se nomme le grand musée national qui est aujourd'hui l'une des principales attractions touristiques de la ville ? Musée du Bardo
39%
Lequel de ces pays n'a JAMAIS contrôlé Tunis? Égypte
33%
Aucun quiz correspondant
Distribution des résultats
% des personnes avec chaque résultat
Percentile par nombre de réponses
Votre historique - résultats
Vous n’avez pas pris ce quiz depuis la dernière actualisation